00982cam a2200301 i 45000010008000000030004000080050017000120080041000290100017000700200015000870400018001020430021001200820016001411000029001572450062001862600050002483000029002984400039003275040039003666500019004056500021004246500033004456500035004789060045005139420012005589990015005709520095005852216832OSt20230626135752.0760408t19761975nyua b 001 0 eng  a 75027161  a0435971506 aDLCcDLCdDLC af------ad------00a332.3bMOCD1 aFurness, Eric L.,d1913-10aMoney and credit in developing Africa /cEric L. Furness. aNew York :bSt. Martin's Press,c1976, c1975. a308 p. :bill. ;c23 cm. 0aStudies in the economics of Africa aIncludes bibliographies and index. 0aMoneyzAfrica. 0aFinancezAfrica. 0aMoneyzDeveloping countries. 0aFinancezDeveloping countries. a7bcbccorignewd2eocipf19gy-gencatlg 2ddccBK c2738d2738 00102ddc4070a002b002d2023-06-26l0o332.3 MOCDp10000346r2023-06-26w2023-06-26yBK